| 000 | 00837cad a22002175a 4500 | ||
|---|---|---|---|
| 001 | E152663 | ||
| 008 | 110411s2011 xxk f s000 0 eng d | ||
| 035 | _a(Sirsi) u152663 | ||
| 041 | 0 | _aeng | |
| 110 | 2 |
_aScotland _kLaws, etc. |
|
| 245 | 0 | 0 |
_aWildlife and Natural Environment (Scotland) Act 2011 _h[electronic resource] |
| 260 |
_a[S.l.] _bNational Archives _c2011 |
||
| 520 | _aMakes provision in relation to wildlife in Scotland, including deer, wild birds and badgers. | ||
| 521 | _aAdvanced | ||
| 590 | _aKA | ||
| 650 | 2 | 4 | _aWILDLIFE AND NATURAL ENVIRONMENT (SCOTLAND) ACT 2011 |
| 651 | 4 |
_aScotland _y1999- |
|
| 690 | _aENVIRONMENTAL AND LAND CONSULTANCY-ENVIRONMENTAL MANAGEMENT | ||
| 856 | 4 | 0 |
_uhttps://www.legislation.gov.uk/asp/2011/6/contents/enacted _zView the Act free of charge at www.legislation.gov.uk |
| 942 | _n0 | ||
| 999 |
_c112155 _d112155 |
||